Fluid mechanics : fundamentals and applications in SI units (Record no. 198534)

MARC details
000 -LEADER
fixed length control field 00445nam a2200157Ia 4500
005 - DATE AND TIME OF LATEST TRANSACTION
control field 20250529140321.0
008 - FIXED-LENGTH DATA ELEMENTS--GENERAL INFORMATION
fixed length control field 231217s9999 xx 000 0 und d
020 ## - INTERNATIONAL STANDARD BOOK NUMBER
International Standard Book Number 9780070700345
082 ## - DEWEY DECIMAL CLASSIFICATION NUMBER
Classification number 620.106 CEN;11 R
100 ## - MAIN ENTRY--PERSONAL NAME
Personal name Cengel, Yunus A. Cimbala, John M.
245 #0 - TITLE STATEMENT
Title Fluid mechanics : fundamentals and applications in SI units
250 ## - EDITION STATEMENT
Edition statement 2nd ed.
260 ## - PUBLICATION, DISTRIBUTION, ETC. (IMPRINT)
Date of publication, distribution, etc. 2010
Name of publisher, distributor, etc. Mc Graw Hill
Place of publication, distribution, etc. New Delhi
300 ## - PHYSICAL DESCRIPTION
Extent xxvi, 980
942 ## - ADDED ENTRY ELEMENTS (KOHA)
Koha item type Books
Holdings
Date last seen Total Checkouts Full call number Accession number Price effective from Category Lost status Damaged status Department Withdrawn status Permanent Location Current Location Shelving location Entry date Grants Currency symbol Conversion rate Discount Discount type
26/01/2024   620.106 CEN;11 R 92140 26/01/2024 Books         Central Library Central Library Central Library 11/09/2018 DONATED RS 1   Rupees

© For any Suggestions or Query, please contact the library staff @ librarian@pes.edu or Phone: +9180 2672 1983/ 2108.